书目信息 |
| 题名: |
聋生汉语言学习问题及各学科汉语言能力培养
|
|
| 作者: | 王玉玲 , 王晨华 主编 | |
| 分册: | ||
| 出版信息: | 北京 知识产权出版社有限责任公司 2018.05 |
|
| 页数: | 334页 | |
| 开本: | 24cm | |
| 丛书名: | ||
| 单 册: | ||
| 中图分类: | G762.2 | |
| 科图分类: | ||
| 主题词: | 聋哑教育--中学语文课--教学研究--高中 | |
| 电子资源: | ||
| ISBN: | 978-7-5130-5219-1 | |
| 000 | 01082nam0 2200253 450 | |
| 001 | 0108153858 | |
| 005 | 20210308154400.0 | |
| 010 | @a978-7-5130-5219-1@dCNY89.00 | |
| 100 | @a20181129d2018 em y0chiy50 ea | |
| 101 | 0 | @achi |
| 102 | @aCN@b110000 | |
| 105 | @aa z 000yy | |
| 106 | @ar | |
| 200 | 1 | @a聋生汉语言学习问题及各学科汉语言能力培养@Along sheng han yu yan xue xi wen ti ji ge xue ke han yu yan neng li pei yang@f王玉玲, 王晨华主编 |
| 210 | @a北京@c知识产权出版社有限责任公司@d2018.05 | |
| 215 | @a334页@c图@d24cm | |
| 300 | @a北京市教育科学“十二五”规划重点课题《针对高中听力障碍学生的汉语语法教学策略研究》北京市教育科学规划“十一五”规划自筹经费类重点课题《高中聋生汉语言学习困难研究》 | |
| 330 | @a本书共分三章,内容包括:聋生汉语言学习问题及聋校汉语教学现状、聋校语文学科汉语言教学、聋校其他各学科汉语言环境创设及能力培养。 | |
| 606 | 0 | @a聋哑教育@x中学语文课@x教学研究@x高中 |
| 690 | @aG762.2@v5 | |
| 701 | 0 | @a王玉玲@Awang yu ling@4主编 |
| 701 | 0 | @a王晨华@Awang chen hua@4主编 |
| 801 | 0 | @aCN@bBJSZM@c20210308 |
| 905 | @b1270717-21@dG762.2@e215@f5 | |
| 聋生汉语言学习问题及各学科汉语言能力培养/王玉玲, 王晨华主编.-北京:知识产权出版社有限责任公司,2018.05 |
| 334页:图;24cm |
| 北京市教育科学“十二五”规划重点课题《针对高中听力障碍学生的汉语语法教学策略研究》北京市教育科学规划“十一五”规划自筹经费类重点课题《高中聋生汉语言学习困难研究》 |
| ISBN 978-7-5130-5219-1:CNY89.00 |
| 本书共分三章,内容包括:聋生汉语言学习问题及聋校汉语教学现状、聋校语文学科汉语言教学、聋校其他各学科汉语言环境创设及能力培养。 |
| ● |
| 相关链接 |
|
|
|
|
正题名:聋生汉语言学习问题及各学科汉语言能力培养
索取号:G762.2/215
 
预约/预借
| 序号 | 登录号 | 条形码 | 馆藏地/架位号 | 状态 | 备注 |
| 1 | 1270717 | 212707178 | 第一样本阅览室/ [索取号:G762.2/215] | 在馆 | |
| 2 | 1270718 | 212707187 | 教育系资料室/ [索取号:G762.2/215] | 在馆 | |
| 3 | 1270719 | 212707196 | 教育系资料室/ [索取号:G762.2/215] | 在馆 | |
| 4 | 1270720 | 212707203 | 第四借阅区/ [索取号:G762.2/215] | 在馆 | |
| 5 | 1270721 | 212707212 | 第四借阅区/ [索取号:G762.2/215] | 在馆 |